| 000 | 01767nam a22002651a 4500 | ||
|---|---|---|---|
| 003 | AR-RoUNCS | ||
| 005 | 20251120114844.0 | ||
| 007 | ta | ||
| 008 | 100820s2008 ag |||||||||||||| ||spa | ||
| 020 | _a978-987-1398-03-4 | ||
| 040 |
_aAR-BaBN _bspa _cAR-RoUNCS _eaacr |
||
| 080 | _07.074(821.6) | ||
| 245 | 0 | 3 |
_aEl coleccionismo de arte en Rosario : _bcolecciones, mercado y exhibiciones, 1880-1970. |
| 260 |
_aBuenos Aires : _bFundación Espigas, _c2008. |
||
| 300 |
_a285 p. ; _c21 cm. |
||
| 504 | _aReseña biográfica de los autores, página 287 | ||
| 505 | 0 | 0 |
_tUn programa de investigación sobre el coleccionismo de arte en Rosario / _rCarina Frid -- _tNuevos abordajes en la historia del coleccionismo en Rosario / _rPatricia Artundo -- _tDel caduceo a las musas : un inventario del coleccionismo profesional en Rosario : la colección del artísta Juan B. Castagnino, 1907-1925 / _rPablo Montini -- _tEl museo antes del museo : la colección histórica del doctor Antonio Cafferata / _rValeria Príncipe -- _tEl Salón Witcomb de Rosario : la primera década de actividades / _rMaría Eugenia Spinelli -- _tLa hispanidad en el gusto artístico de la burguesía rosarina : el caso de la colección Estevéz, 1920-1930 -- _rAnalía Vanesa dell'Aquila -- _tEl gusto por lo religioso : la exposición de arte religioso retrospectivo en el Museo Histórico Provincial, 1941 / _rPablo Montini -- _tIsidoro Slullitel y el coleccionismo de arte de vanguardia en Rosario, 1963-1971 / _rGuillermo Robles. |
| 650 | 4 |
_aARTE _xCOLECCIONISTAS Y COLECCIONES _xHISTORIA _zROSARIO _ySIGLO XX |
|
| 700 | 1 | _aDell'Aquila, Analía Vanesa | |
| 700 | 1 | _aMontini, Pablo | |
| 700 | 1 | _aPríncipe, Valeria | |
| 700 | 1 | _aRobles, Guillermo | |
| 700 | 1 | _aSpinelli, María Eugenia | |
| 942 |
_2udc _cLPD _n0 |
||
| 999 |
_c781 _d781 |
||